| 000 | 00510nam a22001697a 4500 | ||
|---|---|---|---|
| 005 | 20251108171847.0 | ||
| 008 | 250721s9999 xx 000 0 ara d | ||
| 082 | 1 | 4 | _aط/372.62/ناص |
| 100 | 1 | _aعبد العزيز، ناصف مصطفى | |
| 245 | 1 | 0 | _aقاموس البراعم المصورة للأطفال / |
| 264 |
_bدار المريخ للنشر، _c[19-]. |
||
| 300 | _a56ص : مص | ||
| 650 | 1 | 7 | _aلغة عربية |
| 650 | 1 | 7 | _aدراسة و تدريس |
| 942 |
_2ddc _cBK |
||
| 999 |
_c64490 _d64490 |
||